LIBRARY & INFORMATION CENTRE, KCAET, TAVANUR

ONLINE PUBLIC ACCESS CATALOGUE (OPAC)

Multiple Choice Questions in Computer Science (Record no. 14724)

MARC details
000 -LEADER
fixed length control field 00343nam a22001337a 4500
020 ## - INTERNATIONAL STANDARD BOOK NUMBER
ISBN 9788190675772
082 ## - DEWEY DECIMAL CLASSIFICATION NUMBER
Classification number 004
Item number ELA/MU
100 ## - MAIN ENTRY--AUTHOR NAME
Personal name Ela Kumar
245 ## - TITLE STATEMENT
Title Multiple Choice Questions in Computer Science
250 ## - EDITION STATEMENT
Edition statement 1
260 ## - PUBLICATION, DISTRIBUTION, ETC. (IMPRINT)
Place of publication New Delhi
Name of publisher I.K. International Publishing House Pvt.Ltd.
Year of publication 2010
300 ## - PHYSICAL DESCRIPTION
Number of Pages 352
942 ## - ADDED ENTRY ELEMENTS (KOHA)
Koha item type Book Bank scheme for SC students
Holdings
Withdrawn status Lost status Damaged status Collection code Home library Current library Shelving location Date acquired Source of acquisition Cost, normal purchase price Full call number Accession Number Koha item type
        KAUAET KAUAET Scheme 23/08/2016 Dream Tech, Trivandrum. 295.00 004. ELA/MU BB 281 Book Bank scheme for SC students
free website counter